00206nam a22000737a 4500082001700000245005400017260005300071300000800124 a621.4023 ELE aElectron Beam Processing of Combustion flue Gases aViennabInternational Atomic Energy Agencyc1987 a290